• 首页
  • 本馆介绍
  • 公告通知
  • 最新文献
  • 馆藏检索
  • 电子资源
  • 读者导购
  • 参考咨询
  • 我的图书馆
  • 登录
  • 详细信息显示
  • 放入我的书架
  • 预约/预借图书
  • 作者相关作品
  • 分类相关作品
  • 丛书相关作品
  • 出版社相关作品

书目信息

  • 表格格式
  • 工作单格式
  • 卡片格式
题名:
毛泽东国际交往录
    
 
作者: 刘万镇 , 李庆贵 主编
分册:  
出版信息: 北京   中共党史出版社  2003
页数: 543页
开本: 20cm
丛书名:
单 册:
中图分类: A752
科图分类:
主题词:
电子资源:
ISBN: 7-80136-835-5
000 00862nam0 2200253 45
001 002338171
005 20041220160914.6
010    @a7-80136-835-5@dCNY29.00
100    @a20030326d2003 em y0chiy0110 ea
101 0  @achi
102    @aCN@b110000
105    @aa z 000by
200 1  @a毛泽东国际交往录@AMao Ze Dong Guo Ji Jiao Wang Lu@f刘万镇,李庆贵主编@FLiu Wan Zhen,Li Qing Gui Zhu Bian
205    @a2版
210    @a北京@c中共党史出版社@d2003
215    @a543页@c照片@d20cm
300    @a附:建国以来毛泽东外事活动大事年表
330    @a本书收录了44篇文章,谈话对象涵盖了亚洲、欧洲、非洲、大洋州、美洲的发展中国家,发达国家,以及各党派和无党派,各阶层的人士。
600  0 @a毛泽东@f(1893~1976)@x生平事迹
690    @aA752@v4
701  0 @a刘万镇@4主编
701  0 @a李庆贵@4主编
801  0 @aCN@bNLC@c20030926
905    @b340742-746@dA752@e110=2@f5
    
    毛泽东国际交往录/刘万镇,李庆贵主编.-2版.-北京:中共党史出版社,2003
    543页:照片;20cm
    附:建国以来毛泽东外事活动大事年表
    
    ISBN 7-80136-835-5:CNY29.00
    本书收录了44篇文章,谈话对象涵盖了亚洲、欧洲、非洲、大洋州、美洲的发展中国家,发达国家,以及各党派和无党派,各阶层的人士。
●
相关链接 在E读中查询图书 在五车中查询图书 在当当中查询图书 在豆瓣中查询图书


正题名:毛泽东国际交往录     索取号:A752/110=2         预约/预借

序号 登录号 条形码 馆藏地/架位号 状态 备注
1 0340742   203407429   第一样本阅览室/ [索取号:A752/110=2] 在馆    
2 0340743   203407438   第一借阅区/ [索取号:A752/110=2] 在馆    
3 0340744   203407447   第一借阅区/ [索取号:A752/110=2] 在馆    
4 0340745   203407456   第一借阅区/ [索取号:A752/110=2] 在馆    
5 0340746   203407465   第一借阅区/ [索取号:A752/110=2] 在馆    
唐山师范学院图书馆 欢迎您!
大连网信软件有限公司© 版权所有